[Event "COL-ch Universities (Women)"]
[Site "Bogota"]
[Date "2015.10.06"]
[Round "3"]
[White "Gonzalez, Angela Orfilia"]
[Black "Perez Zarate, Yiceth Paola"]
[Result "1-0"]
[WhiteElo "2007"]
[BlackElo "1601"]
[PlyCount "47"]
[EventDate "2015.10.05"]
[EventType "swiss"]
[EventRounds "6"]
[EventCountry "COL"]
[SourceTitle "CBM 168 Extra"]
[Source "ChessBase"]
[SourceDate "2015.10.29"]
[SourceVersion "1"]
[SourceVersionDate "2015.10.29"]
[SourceQuality "1"]

1. e4 e5 2. d4 d5 3. dxe5 dxe4 4. Qxd8+ Kxd8 5. Nc3 Nc6 6. Bf4 Bf5 7. 0-0-0+ Ke8 8. h3 Rd8 9. Rxd8+ Kxd8 10. Bc4 Bc5 11. f3 f6 12. fxe4 fxe5 13. Bg5+ Kc8 14. exf5 Nf6 15. Nd5 Ne4 16. Nf3 Ng3 17. Rd1 Nxf5 18. a3 h6 19. Bh4 e4 20. g4 Nxh4 21. Nxh4 Re8 22. b4 Bf2 23. Ng2 Ne5 24. Be2 1-0

[Event "COL-ch Universities (Women)"]
[Site "Bogota"]
[Date "2015.10.05"]
[Round "1"]
[White "Romero, Daniela"]
[Black "Perez Zarate, Yiceth Paola"]
[Result "1-0"]
[WhiteElo "1908"]
[BlackElo "1601"]
[PlyCount "50"]
[EventDate "2015.10.05"]
[EventType "swiss"]
[EventRounds "6"]
[EventCountry "COL"]
[SourceTitle "CBM 168 Extra"]
[Source "ChessBase"]
[SourceDate "2015.10.29"]
[SourceVersion "1"]
[SourceVersionDate "2015.10.29"]
[SourceQuality "1"]

1. d4 d5 2. Nf3 Nf6 3. e3 e6 4. Nbd2 Be7 5. b3 0-0 6. Bb2 b6 7. Bd3 Nc6 8. c4 Nb4 9. Bb1 Nc6 10. 0-0 Bb7 11. Re1 Re8 12. e4 Bb4 13. e5 Ng4 14. Qc2 g6 15. a3 Bf8 16. Nf1 Bg7 17. Ng3 dxc4 18. bxc4 Ncxe5 19. dxe5 Bxf3 20. gxf3 Nh6 21. Qd3 Qe7 22. Bc2 Rad8 23. Qe2 Rd7 24. Ba4 Red8 25. Bxd7 Rxd7 1-0